000 00318nam a22001337a 4500
020 _a9789695034132
040 _cNUST
082 _a891.4393 SAL
100 _aSalma Awan
245 _aYeh Mera Baltistan
260 _aLahore;
_bAl Faisal Nashran,
_c2005.
650 _aUrdu Literature-Novel
_91164
942 _2ddc
_cBK
999 _c594593
_d594593